00369pab a2200133 454500008004000000100002400040245007600064260000900140300001300149362001100162650001200173650001600185773003400201180718b2017 xxu||||| |||| 00| 0 eng d aBathla, Seema et al aWhere to invest to accelerate agricultural growth and poverty reduction c2017 ap.36-45. a30 Sep aPoverty aAgriculture aEconomic and Political Weekly